000 00619nam a2200253Ia 4500
003 OSt
005 20221007082544.0
006 a|||||r|||| 00| 0
007 ta
008 221006b |||||||| |||| 00| 0 eng d
020 _a921333024
024 _a18,509
037 _cReports / Technical Reports
040 _aFLL
_cFLL
_beng
041 _2eng
_aeng
082 _aZ1,215, M7
110 _aUnited Nations
245 0 _aLaw of the sea
260 _c1987
300 _a293p
_ccm.
700 _aUnited Nations
942 _hZ1,215, M7
_cREP
_2CC
999 _c1166838
_d1166838